Le conte de fées à la croisée des temps et des cultures : La Belle et la Bête et ses différentes versions diplomová práca

Salvato in:
Dettagli Bibliografici
Autore principale: Langošová, Jana
Ente Autore: Fakulta aplikovaných jazykov EU v Bratislave. Katedra románskych a slovanských jazykov
Altri autori: Tureková, Andrea, 1979-
Natura: Libro
Lingua:francese
Pubblicazione: Bratislava 2018
Tags: Aggiungi Tag
Nessun Tag, puoi essere il primo ad aggiungerne!!

MARC

LEADER 00000nbm a2200000 4500
001 0244048
005 20181011145238.3
041 0 |a fre 
044 |a SK 
245 1 0 |a Le conte de fées à la croisée des temps et des cultures : La Belle et la Bête et ses différentes versions  |b diplomová práca  |c Jana Langošová ; školiteľ: Andrea Tureková 
264 1 |a Bratislava  |c 2018 
300 |a 53 s. 
100 1 |a Langošová, Jana 
700 1 |a Tureková, Andrea, 1979- 
710 2 |a Fakulta aplikovaných jazykov EU v Bratislave. Katedra románskych a slovanských jazykov